NCAA Institutions in Mississippi - Statistics

General Stats
  • This quiz has been taken 21 times
  • The average score is 7 of 11
Answer Stats
Conference School Team Name % Correct
Division I SEC Mississippi Rebels
100%
Division I SEC Mississippi State Bulldogs
94%
Division I Sun Belt Southern Mississippi Golden Eagles
94%
Division I SWAC Jackson State Tigers
78%
Division I SWAC Alcorn State Braves
67%
Division I SWAC Mississippi Valley State Delta Devils
61%
Division II Gulf South Delta State Statesmen
56%
Division II Gulf South Mississippi College Choctaws
50%
Division III SAA Millsaps Majors
39%
Division III CCS Belhaven Blazers
33%
Division III SLIAC Mississippi University for Women Owls
33%
No matching quizzes found
Score Distribution
Percent of People with Each Score
Percentile by Number Answered
Your Score History
You have not taken this quiz